Ultimate Thor: Love and Thunder Quiz - Statistics

General Stats
  • This quiz has been taken 33 times
  • The average score is 17 of 32
Answer Stats
Question Answer % Correct
Cast Natalie Portman Jane Foster/The Mighty Thor
97%
Cast Chris Hemsworth Thor
97%
Cast Tessa Thompson Valkyrie
90%
Cast Taika Waititi Korg
86%
Cast Russell Crowe Zeus
86%
Content Who does Thor try to seek help from? Zeus
86%
The Guardians of the Galaxy Dave Bautista Drax the Destroyer
83%
The Guardians of the Galaxy Vin Diesel Groot
83%
The Guardians of the Galaxy Chris Pratt Peter Quill/Star Lord
83%
The Guardians of the Galaxy Bradley Cooper Rocket Raccoon
79%
The Guardians of the Galaxy Karen Gillan Nebula
76%
The Guardians of the Galaxy Pom Klementieff Mantis
72%
Cast Jaimie Alexander Lady Sif
66%
Content Thor received a help message from her with the Guardians Lady Sif
66%
Cast Christian Bale Gorr the God Butcher
62%
Content Which body part of Sif is gone? Her left arm
55%
Content Where does Jane go after she died? Valhalla
48%
Content Name of Gorr's sword Necrosword
45%
Content What does Gorr use to open the Bifrost? Stormbreaker
45%
Content Who does Gorr seek to reach? Eternity
41%
The Guardians of the Galaxy Sean Gunn Kraglin
41%
Content What does the king award Thor for defeating the Habooskas? Two goats
41%
Content Who is writing the whiteboard when Thor is encouraging the Asgardians after their children are taken? Miek
34%
Content What is Gorr’s initial wish? To revive his daughter
28%
Content Original name of Heimdall's son Astrid
24%
Content What is the nickname of the new Team Thor? Love and Thunder
21%
Content Where does Thor find Gorr? The Shadow Realm
21%
Content Where does Thor seek help from? Omnipotence City
14%
Content The beast god that Gorr killed Falligar the Behemoth
7%
Content Who is the king that Thor helped in the beginning? King Yakan
7%
Content Original name of New Asgard before the Asgardians Tønsberg
7%
Content Gorr’s first kill Radu
3%
No matching quizzes found
Score Distribution
Percent of People with Each Score
Percentile by Number Answered
Your Score History
You have not taken this quiz